| 000 | 00992nam a22002537a 4500 | ||
|---|---|---|---|
| 999 |
_c64335 _d64335 |
||
| 005 | 20240530110726.0 | ||
| 008 | 180422s2017 ua g 00| 0dara d | ||
| 017 |
_a2017/4183 _bمصر. دار الكتب |
||
| 020 | _a9789779111711 | ||
| 040 |
_aEG-CaGPL _cEG-CaGPL |
||
| 082 | 0 | 4 |
_221 _a342.0853 / _bع ح |
| 100 | 0 | _aعبدالعزيز محمد سالمان | |
| 245 | 1 | 2 |
_aالحماية الدستورية لحرية الرأى فى الفقه والقضاء الدستورى / _cعبدالعزيز محمد سالمان |
| 260 |
_aالقاهرة : _bالهيئة المصرية العامة للكتاب ، _c2017. |
||
| 300 |
_a439 ص. ؛ _c24 سم. |
||
| 504 | _aيشتمل على ارجاعات ببليوجرافية | ||
| 650 | 0 | 7 |
_2qrmak _aحرية التعبير |
| 650 | 0 | 7 |
_2qrmak _aالحقوق المدنية |
| 650 | 0 | 7 | _2qrmak |
| 651 | _2qrmak | ||
| 653 | 0 | _aالحماية الدستورية | |
| 942 |
_2ddc _cBK |
||